000 00694nam a22002417a 4500
001 91029
003 UA-OsUOA
005 20210707201757.0
007 ta
008 20121121b un ||||| |||| 00| 0 ukr d
040 _aUA-OsUOA
_bukr
_cUA-OsUOA
_dUA-OsUOA
041 _aukr
080 _a821.161.2
090 _a821.161.2
_bР15
100 _aРадич В.
245 _aМаксим Залізняк
_bісторичний роман
_nч. 2
260 _aВінніпег
_c1952
300 _a147 с.
650 7 _a82 Література. Літературознавство
_2UDC
942 _cBK
_2udc
955 _a3
999 _c377298
_d377298